000 00707nam a2200121Ia 4500
008 220620s9999||||xx |||||||||||||| ||und||
100 _aJones, Nicola||Sumner, Andy
245 0 _aChild Poverty, Evidence and Policy
_bMainstreaming Children in International Development
546 _aEnglish[eng]
650 _aSociology||Child||Children||Development||Evidence||International||Mainstreaming||Policy||Poverty||Child poverty||Childhood||Millennium Development Goals||Well-being
856 _uhttps://library.oapen.org/bitstream/20.500.12657/30573/1/645336.pdf||https://library.oapen.org/bitstream/20.500.12657/30573/1/645336.pdf||https://library.oapen.org/bitstream/20.500.12657/30573/1/645336.pdf
942 _cEB
999 _c26102
_d26102